000 00713nam a2200169 4500
008 220303b |||||||| |||| 00| 0 eng d
020 _a9781556654770
020 _a9781592761869
050 _aBS192.3
_b.C38 2011
245 _aThe new Catholic answer Bible :
_btranslated from the original language with critical use of all the ancient sources/
_cwith inserts by Paul Thigpen and Dave Armstrong.
250 _bRev. edition
260 _aHuntington, Indiana :
_bOur Sunday Visitor, Inc.,
_c©2011.
300 _axxxiii, 1134, 400 p. :
_bcolor ill. ;
_c23 cm
650 _aBible
_xReference editions.
650 _aBible
_xCatholic literature.
942 _2lcc
_hBS192.3 .C38 2011
_cREF_BOOK
999 _c31384
_d31384